| 000 | 01163nam a2200253 i 4500 | ||
|---|---|---|---|
| 001 | 166237 | ||
| 003 | ES-MaACL | ||
| 005 | 20230906213306.0 | ||
| 008 | 050914s1892 xxkaf |||| |beng d | ||
| 100 | 1 |
_aTheuriet, André. _9109911 |
|
| 245 | 1 | 0 |
_aJules Bastien-Lepage and his art _b: a memoir / _cby André Theuriet. |
| 260 |
_aLondon : _bT. Fisher Unwin, _c1892. |
||
| 300 |
_a190 p., [15] h. de lám. ; _c27 cm. |
||
| 505 | 8 |
_aContiene: ; _tJules Bastien-Lepage as artist / _rby George Clausen. -- _tModern realism in painting / _rby Walter Sickert. -- _tA studey of Marie Bashkirtseff / _rby Mathilde Blind |
|
| 599 | _aLas h. de lám.: reprod. de las obras de Jules Bastien-Lepage y Marie Bashkirtseff. | ||
| 600 | 1 | 4 |
_aBastien-Lepage, Jules- _xBiografías. _9125848 |
| 600 | 1 | 4 |
_aBashkistseff, Marie- _xBiografías. _9125845 |
| 650 | 4 |
_aPintura británica- _yS.XIX. _9149707 |
|
| 700 | 1 |
_aClausen, George. _tJules Bastien-Lepage as artist. _9126508 |
|
| 700 | 1 |
_aSickert, Walter. _tModern realism in painting. _9132714 |
|
| 700 | 1 |
_aBlind, Mathilde. _929489 |
|
| 700 | 1 |
_aUnwin, T. Fisher. _9133449 |
|
| 852 |
_aES-MaACL _jC-879 _z. - Enc. ed. en tela |
||
| 999 |
_c166237 _d166237 |
||